000
00281nam a2200109 a 4500
005
20201002045507.0
008
141209s2001 000 spa d
020
_a
9803292927
245
0
_a
Leyendas del Táchira II.
260
_a
San Cristóbal, Venezuela,
_c
2001.
999
_c
44093
_d
44093
040
_a
DO-SdBNP